000 00352 a2200169 4500
001 174918
020 _a85-08-02407-X
040 _cMagnum
100 _aFrança, Mary
240 1 0 _aAs pintas do preá
_lpor
245 1 0 _aAs pintas do preá
300 _a16
362 0 _a1995
440 1 _aÁtica
697 _aLITERATURA INFANTIL
942 _cBK
999 _c174918
_d174918